Odkud jsem přišel, proč žiji na Zemi a kam odcházím /

Hlavní autor: Weidner, Gisela
Jazyk: Čeština
Vydáno: Sedlčany : Carolus, 2007
Vydání: Vyd. 1. v nakl. Carolus, 2. v ČR
Témata:
Fyzický popis: 128 s. : barev. il. ; 22 cm
Knihy
Uloženo v:
LEADER 02340nam a2200661 a 4500
001 nkc20071710985
003 CZ PrNK
005 20151002163615.0
007 ta
008 070302s2007 xr a e f 000 0 cze
015 |a cnb001710985 
020 |a 978-80-903718-1-1  |q (váz.)  |z 80-903718-1-7 
035 |a (OCoLC)137330392 
040 |a OLA001  |b cze  |d BOA001 
041 1 |a cze  |h ger 
072 7 |a 133  |x Ezoterismus. Okultismus  |2 Konspekt  |9 17 
080 |a 17.02  |2 MRF 
080 |a 133  |2 MRF 
080 |a 130.33-025.18  |2 MRF 
080 |a 2-58-472  |2 MRF 
080 |a 2-167  |2 MRF 
080 |a 159.96  |2 MRF 
080 |a 2-664.3  |2 MRF 
080 |a 0/9-021.361  |2 MRF 
080 |a (0.062)  |2 MRF 
100 1 |a Weidner, Gisela  |7 mzk2007385953  |4 aut 
245 1 0 |a Odkud jsem přišel, proč žiji na Zemi a kam odcházím /  |c Gisela Weidner 
246 1 8 |a Odkud - proč - kam 
250 |a Vyd. 1. v nakl. Carolus, 2. v ČR 
260 |a Sedlčany :  |b Carolus,  |c 2007 
300 |a 128 s. :  |b barev. il. ;  |c 22 cm 
500 |a Přeloženo z němčiny 
504 |a Obsahuje bibliografii 
650 0 7 |a smysl života  |7 ph125718  |x esoterické pojetí  |2 czenas 
650 0 7 |a životní harmonie  |7 ph138147  |x esoterické pojetí  |2 czenas 
650 0 7 |a vesmírná harmonie  |7 ph328390  |2 czenas 
650 0 7 |a duchovní vedení  |7 ph119638  |2 czenas 
650 0 7 |a duchovní bytosti  |7 ph119625  |2 czenas 
650 0 7 |a channeling  |7 ph119124  |2 czenas 
650 0 7 |a synkretismus (náboženství)  |7 ph138309  |2 czenas 
650 0 7 |a holismus  |7 ph120783  |2 czenas 
650 0 9 |a sense of life  |x esoteric approach  |2 eczenas 
650 0 9 |a harmony of life  |x esoteric approach  |2 eczenas 
650 0 9 |a cosmic harmony  |2 eczenas 
650 0 9 |a spiritual leadership  |2 eczenas 
650 0 9 |a spiritual beings  |2 eczenas 
650 0 9 |a channeling  |2 eczenas 
650 0 9 |a syncretism (religion)  |2 eczenas 
650 0 9 |a holism  |2 eczenas 
655 7 |a populárně-naučné publikace  |7 fd131864  |2 czenas 
655 7 |a populárně-naučné publikace  |7 fd131864  |2 czenas 
655 9 |a popular works  |2 eczenas 
765 0 |t Woher komme ich, wozu lebe ich, wohin gehe ich  |9 Česky 
910 2 |a BOA001  |b 2-1183.202 
990 |a BK 
995 |a 01 
991 |b 200703  |c NOV 
996 6 |b 2610304698  |c 2-1183.202  |l MZK  |r Sklad / do 1 hodiny  |n 2  |p p.v.  |w 000844075  |u 000010  |a 1  |e BOA001  |j MZK50  |s P